[Event "GER-ch44 final email"]
[Site "GER email"]
[Date "2013.11.08"]
[Round "?"]
[White "Augustin, Horst"]
[Black "Broemme, Steffen"]
[Result "1/2-1/2"]
[WhiteElo "2139"]
[BlackElo "2130"]
[PlyCount "74"]
[EventDate "2013.11.15"]
[EventType "tourn (corr)"]
[EventRounds "14"]
[EventCountry "GER"]
[SourceTitle "Corr 2015"]
[Source "ChessBase"]
[SourceDate "2015.07.17"]
[SourceVersion "1"]
[SourceVersionDate "2015.07.17"]
[SourceQuality "1"]

1. Nc3 d5 2. e4 d4 3. Nce2 e5 4. Ng3 Be6 5. c3 a6 6. cxd4 exd4 7. d3 Nc6 8. Be2 g6 9. Nf3 h5 10. h3 Qe7 11. a3 h4 12. Nf1 0-0-0 13. b4 Bg7 14. N1d2 f5 15. 0-0 Nf6 16. Ng5 Kb8 17. Re1 Rhe8 18. Bf1 fxe4 19. Ndxe4 Bc8 20. Bd2 Qf8 21. Qc2 Nd5 22. Rab1 Nc3 23. Nxc3 dxc3 24. Bxc3 Nd4 25. Qd2 Rxe1 26. Rxe1 Qf5 27. Bxd4 Bxd4 28. Nf3 Bf6 29. Rc1 Qd5 30. d4 Qd6 31. Re1 b5 32. Qa2 Bxd4 33. a4 Bb6 34. axb5 axb5 35. Bxb5 Bb7 36. Ne5 Bd4 37. Ng4 Bc3 1/2-1/2

[Event "GER-ch44 final email"]
[Site "GER email"]
[Date "2013.11.08"]
[Round "?"]
[White "Augustin, Horst"]
[Black "Maerten, Thomas"]
[Result "1/2-1/2"]
[WhiteElo "2139"]
[BlackElo "2255"]
[PlyCount "82"]
[EventDate "2013.11.15"]
[EventType "tourn (corr)"]
[EventRounds "14"]
[EventCountry "GER"]
[SourceTitle "Corr 2015"]
[Source "ChessBase"]
[SourceDate "2015.07.17"]
[SourceVersion "1"]
[SourceVersionDate "2015.07.17"]
[SourceQuality "1"]

1. Nc3 c5 2. e4 Nc6 3. f4 g6 4. Nf3 Bg7 5. Bb5 Nd4 6. a4 b6 7. 0-0 Bb7 8. Bd3 Nh6 9. Nxd4 cxd4 10. Ne2 0-0 11. b3 e5 12. Ba3 Re8 13. fxe5 Bxe5 14. Nf4 f5 15. Qf3 Nf7 16. Qf2 fxe4 17. Bc4 e3 18. Qg3 d5 19. Bb5 Qc7 20. Bxe8 Rxe8 21. dxe3 dxe3 22. Qxe3 g5 23. Bb2 d4 24. Bxd4 Qc6 25. Bxe5 gxf4 26. Qd2 Rd8 27. Qe2 Qc5+ 28. Kh1 f3 29. gxf3 Nxe5 30. Rae1 Ng6 31. Rd1 Rxd1 32. Qxd1 Bc6 33. Qd3 Kg7 34. Re1 a5 35. Qe3 Qxc2 36. Kg1 Qf5 37. Qxb6 Bxf3 38. Qf2 Qg5+ 39. Qg3 Qc5+ 40. Qf2 Qd5 41. h4 h6 1/2-1/2

[Event "GER-ch44 final email"]
[Site "GER email"]
[Date "2013.11.08"]
[Round "?"]
[White "Augustin, Horst"]
[Black "Marquardt, Guenter"]
[Result "1-0"]
[WhiteElo "2139"]
[BlackElo "2126"]
[PlyCount "117"]
[EventDate "2013.11.15"]
[EventType "tourn (corr)"]
[EventRounds "14"]
[EventCountry "GER"]
[SourceTitle "Corr 2015"]
[Source "ChessBase"]
[SourceDate "2015.07.17"]
[SourceVersion "1"]
[SourceVersionDate "2015.07.17"]
[SourceQuality "1"]

1. Nc3 d6 2. e4 c5 3. f4 Nc6 4. Nf3 g6 5. Bb5 Bd7 6. 0-0 Bg7 7. d3 Nd4 8. a4 Nxf3+ 9. Qxf3 Bd4+ 10. Kh1 Nf6 11. e5 dxe5 12. fxe5 Bxe5 13. Bh6 Bxb5 14. axb5 Qd7 15. h3 Rg8 16. Rfe1 Bxc3 17. bxc3 Nh5 18. Ra5 Qc7 19. Ra6 Ng3+ 20. Kg1 Nf5 21. b6 Qc6 22. Qxc6+ bxc6 23. Bf4 Kd7 24. b7 Rab8 25. Bxb8 Rxb8 26. Rxa7 Nd6 27. c4 Rxb7 28. Rea1 Rxa7 29. Rxa7+ Kd8 30. Ra5 Nb7 31. Ra8+ Kd7 32. Rf8 Nd8 33. g4 Ne6 34. Rh8 g5 35. Rxh7 f6 36. Kf2 Nd4 37. c3 Ne6 38. Kf3 Nd8 39. Ke4 Ke6 40. Rh8 Nf7 41. Ra8 Nd6+ 42. Ke3 Kd7 43. Ra7+ Kd8 44. Kd2 Nf7 45. Ra5 Kc7 46. Rxc5 Nd6 47. Ra5 Nb7 48. Ra7 Kb6 49. Ra1 Nd6 50. Re1 Nc8 51. Rb1+ Kc7 52. c5 Na7 53. c4 Nc8 54. Ke3 Na7 55. Ke4 e6 56. Rf1 Nc8 57. Rxf6 Kb7 58. Rxe6 Kc7 59. Kf5 1-0

[Event "GER-ch44 final email"]
[Site "GER email"]
[Date "2013.11.08"]
[Round "?"]
[White "Happe, Reinhold"]
[Black "Augustin, Horst"]
[Result "1-0"]
[WhiteElo "2312"]
[BlackElo "2139"]
[PlyCount "113"]
[EventDate "2013.11.15"]
[EventType "tourn (corr)"]
[EventRounds "14"]
[EventCountry "GER"]
[SourceTitle "Corr 2020"]
[Source "ChessBase"]
[SourceDate "2019.09.30"]
[SourceVersion "1"]
[SourceVersionDate "2019.09.30"]
[SourceQuality "1"]

1. d4 Nf6 2. c4 e6 3. Nc3 Bb4 4. e3 b6 5. Nge2 c5 6. a3 Ba5 7. Rb1 Qe7 8. Bd2 0-0 9. b4 cxb4 10. axb4 Bxb4 11. Rxb4 Qxb4 12. Nd5 Qa3 13. Nxf6+ gxf6 14. Nc3 f5 15. g4 Bb7 16. Rg1 f4 17. g5 Nc6 18. Ne4 Rfc8 19. Qb1 Kg7 20. Nf6 Rh8 21. Nh5+ Kg8 22. Be2 a5 23. Nf6+ Kg7 24. Qe4 d6 25. Qxf4 Ne7 26. Ng4 Kf8 27. d5 Qa1+ 28. Bd1 exd5 29. Qxd6 Rg8 30. e4 Rg6 31. Nf6 Bc6 32. cxd5 Ba4 33. Ke2 Bb5+ 34. Kf3 Qb2 35. Be3 Qb4 36. Qxb6 Rc8 37. h4 h5 38. Qd4 Qxd4 39. Bxd4 Rc1 40. Bb2 Rb1 41. Ba3 Ra1 42. Bc5 Rc1 43. Bd6 Ba4 44. Ke2 Rb1 45. Kd2 Be8 46. f4 Rb2+ 47. Kc3 Rb7 48. f5 Rg8 49. Bxe7+ Rxe7 50. Nh7+ Kg7 51. f6+ Kxh7 52. fxe7 Kg6 53. d6 a4 54. e5 Bd7 55. Bc2+ Kg7 56. Be4 Rc8+ 57. Kd4 1-0

[Event "GER-ch44 V01 email"]
[Site "GER email"]
[Date "2013.??.??"]
[Round "?"]
[White "Augustin, Horst"]
[Black "Lelgemann, Ludwig"]
[Result "1-0"]
[WhiteElo "2229"]
[BlackElo "2005"]
[PlyCount "61"]
[EventDate "2012.??.??"]
[EventType "tourn (corr)"]
[EventRounds "10"]
[EventCountry "GER"]
[SourceTitle "Corr 2015"]
[Source "ChessBase"]
[SourceDate "2015.07.17"]
[SourceVersion "1"]
[SourceVersionDate "2015.07.17"]
[SourceQuality "1"]

1. Nc3 d5 2. e4 d4 3. Nce2 Nc6 4. Ng3 e5 5. Bc4 Bd6 6. Nf3 h5 7. h3 h4 8. Nf1 Na5 9. Bb5+ c6 10. Be2 Ne7 11. d3 Ng6 12. N1h2 c5 13. Nd2 Nf4 14. 0-0 Nxe2+ 15. Qxe2 Be6 16. b3 Qf6 17. Ng4 Qg6 18. f3 0-0 19. Nc4 Nxc4 20. bxc4 Bd7 21. a4 Rae8 22. Bd2 Bc7 23. a5 Bc6 24. Qf2 Qh5 25. Rab1 Re6 26. Rb2 Bd8 27. Rfb1 Qg6 28. Rb3 f5 29. exf5 Qxf5 30. Qe2 Bxa5 31. Bxa5 1-0

[Event "GER M-459 D email"]
[Site "GER email"]
[Date "2012.??.??"]
[Round "?"]
[White "Langreder, Ulf"]
[Black "Augustin, Horst"]
[Result "1/2-1/2"]
[WhiteElo "1919"]
[BlackElo "1975"]
[PlyCount "68"]
[EventDate "2010.??.??"]
[EventType "tourn (corr)"]
[EventRounds "1"]
[EventCountry "GER"]
[SourceTitle "Corr 2015"]
[Source "ChessBase"]
[SourceDate "2015.07.17"]
[SourceVersion "1"]
[SourceVersionDate "2015.07.17"]
[SourceQuality "1"]

1. e4 e5 2. Nf3 Nc6 3. Bb5 a6 4. Ba4 Nf6 5. 0-0 Nxe4 6. d4 b5 7. Bb3 d5 8. dxe5 Be6 9. c3 Be7 10. Be3 0-0 11. Nbd2 Nxd2 12. Qxd2 Na5 13. Nd4 c5 14. Nxe6 fxe6 15. Bc2 Nc4 16. Qd3 g6 17. Bh6 Rf7 18. b3 Na3 19. Bd1 Qd7 20. Bg4 Bf8 21. Bxf8 Raxf8 22. Rad1 Qe7 23. Qe3 a5 24. f4 Kh8 25. Qc1 b4 26. c4 d4 27. g3 Ra8 28. Qd2 a4 29. Bf3 Ra7 30. Be4 Rf8 31. Qe2 Qe8 32. Rfe1 Rg8 33. Rd2 axb3 34. axb3 Rag7 1/2-1/2

[Event "GER-ch43 V02 email"]
[Site "GER email"]
[Date "2011.??.??"]
[Round "?"]
[White "Augustin, Horst"]
[Black "Droessler, Uwe"]
[Result "1/2-1/2"]
[WhiteElo "2229"]
[BlackElo "1995"]
[PlyCount "45"]
[EventDate "2011.04.18"]
[EventType "tourn (corr)"]
[EventRounds "8"]
[EventCountry "GER"]
[SourceTitle "Corr 2015"]
[Source "ChessBase"]
[SourceDate "2015.07.17"]
[SourceVersion "1"]
[SourceVersionDate "2015.07.17"]
[SourceQuality "1"]

1. Nc3 e6 2. e4 c5 3. f4 d5 4. Nf3 Nc6 5. Bb5 Nge7 6. exd5 Nxd5 7. Ne5 Bd7 8. Bxc6 Bxc6 9. Nxc6 bxc6 10. 0-0 Be7 11. Qe2 0-0 12. Ne4 f5 13. Nc3 Qd6 14. Nxd5 cxd5 15. Re1 Rf6 16. d3 Rg6 17. Be3 a5 18. Qf2 Qc6 19. d4 Rd8 20. Re2 a4 21. a3 Rb8 22. c3 c4 23. Rae1 1/2-1/2

[Event "GER M-459 D email"]
[Site "GER email"]
[Date "2010.??.??"]
[Round "?"]
[White "Augustin, Horst"]
[Black "Drobusch, Reinhard"]
[Result "1-0"]
[WhiteElo "1975"]
[BlackElo "1917"]
[PlyCount "37"]
[EventDate "2010.??.??"]
[EventType "tourn (corr)"]
[EventRounds "1"]
[EventCountry "GER"]
[SourceTitle "Corr 2015"]
[Source "ChessBase"]
[SourceDate "2015.07.17"]
[SourceVersion "1"]
[SourceVersionDate "2015.07.17"]
[SourceQuality "1"]

1. Nc3 e5 2. Nf3 Nc6 3. d4 exd4 4. Nxd4 Nf6 5. Bg5 Bb4 6. Nxc6 bxc6 7. Qd4 Be7 8. e4 0-0 9. Bd3 h6 10. Bh4 d6 11. 0-0 c5 12. Qa4 Bd7 13. Qa6 Ng4 14. Bxe7 Qxe7 15. h3 Ne5 16. f4 Nxd3 17. Qxd3 Rab8 18. Nd5 Qxe4 19. Qxe4 1-0

[Event "GER M-459 D email"]
[Site "GER email"]
[Date "2010.??.??"]
[Round "?"]
[White "Augustin, Horst"]
[Black "Kluehe, Peter"]
[Result "1/2-1/2"]
[WhiteElo "1952"]
[BlackElo "2193"]
[PlyCount "55"]
[EventDate "2010.??.??"]
[EventType "tourn (corr)"]
[EventRounds "1"]
[EventCountry "GER"]
[SourceTitle "Corr 2015"]
[Source "ChessBase"]
[SourceDate "2015.07.17"]
[SourceVersion "1"]
[SourceVersionDate "2015.07.17"]
[SourceQuality "1"]

1. Nc3 e5 2. Nf3 d6 3. d4 Nd7 4. e4 Ngf6 5. g4 Nxg4 6. Rg1 Ngf6 7. Bc4 exd4 8. Qxd4 Nb6 9. Be3 Nxc4 10. Qxc4 Bg4 11. Rg3 c6 12. 0-0-0 Qa5 13. Ng5 Bh5 14. Rh3 d5 15. exd5 Qb4 16. Rd4 Qxc4 17. Rxc4 cxd5 18. Rc7 Bg4 19. Rh4 Be7 20. Rxb7 h6 21. Bxa7 Bc8 22. Rxe7+ Kxe7 23. Bc5+ Ke8 24. Bd4 Be6 25. Bxf6 gxf6 26. Nf3 Ke7 27. Nd4 Rag8 28. b4 1/2-1/2

[Event "GER-ch41 V02 Post"]
[Site "GER email"]
[Date "2010.??.??"]
[Round "?"]
[White "Augustin, Horst"]
[Black "Reinecke, Rudolf"]
[Result "1/2-1/2"]
[WhiteElo "2008"]
[BlackElo "2183"]
[PlyCount "47"]
[EventDate "2010.??.??"]
[EventType "tourn (corr)"]
[EventRounds "12"]
[EventCountry "GER"]
[SourceTitle "Corr 2015"]
[Source "ChessBase"]
[SourceDate "2015.07.17"]
[SourceVersion "1"]
[SourceVersionDate "2015.07.17"]
[SourceQuality "1"]

1. Nc3 c5 2. f4 d5 3. Nf3 Nf6 4. e3 Nc6 5. Bb5 Bd7 6. b3 e6 7. 0-0 Be7 8. Bb2 0-0 9. a4 Qc7 10. Ne2 Rad8 11. Ne5 Nb4 12. Ng3 Be8 13. Rc1 d4 14. Qe2 Nfd5 15. c4 Nf6 16. Bxe8 Rfxe8 17. e4 Qb6 18. Rb1 Qc7 19. d3 Nc6 20. Nxc6 bxc6 21. e5 Nd7 22. Ba3 Rb8 23. Ne4 Rb7 24. Rb2 1/2-1/2

[Event "GER-ch41 V02 Post"]
[Site "GER email"]
[Date "2010.??.??"]
[Round "?"]
[White "Augustin, Horst"]
[Black "Schulze, Guenter"]
[Result "1-0"]
[WhiteElo "2008"]
[BlackElo "1999"]
[PlyCount "101"]
[EventDate "2010.??.??"]
[EventType "tourn (corr)"]
[EventRounds "12"]
[EventCountry "GER"]
[SourceTitle "Corr 2015"]
[Source "ChessBase"]
[SourceDate "2015.07.17"]
[SourceVersion "1"]
[SourceVersionDate "2015.07.17"]
[SourceQuality "1"]

1. Nc3 c5 2. e4 b6 3. Nf3 Bb7 4. d4 e6 5. d5 a6 6. a4 exd5 7. Nxd5 Nf6 8. Bc4 Nxd5 9. Bxd5 Bxd5 10. Qxd5 Nc6 11. Ne5 Nxe5 12. Qxe5+ Qe7 13. Qd5 Ra7 14. a5 b5 15. Be3 Qd6 16. 0-0-0 Qc7 17. Rd3 Be7 18. Rhd1 b4 19. Bg5 c4 20. Rg3 Bxg5+ 21. Rxg5 Qf4+ 22. Qd2 Qxd2+ 23. Kxd2 g6 24. Ke3 f6 25. Rc5 Ke7 26. Rxc4 Rb8 27. Rd5 Rb5 28. Rxb5 axb5 29. Rxb4 Rxa5 30. Rb3 Ra1 31. Rxb5 Re1+ 32. Kf3 Rc1 33. c3 Rc2 34. h4 h5 35. e5 Ke6 36. exf6 Kxf6 37. Ke3 d6 38. g3 d5 39. Rb8 Ke5 40. Rb6 Kf5 41. f3 Rg2 42. Rb5 Ke6 43. Kf4 Rf2 44. Rb6+ Kf7 45. b4 Rc2 46. Rc6 d4 47. c4 d3 48. Ke3 d2 49. Ke2 Rc3 50. Kxd2 Rxf3 51. b5 1-0

[Event "GER-ch41 V02 Post"]
[Site "GER email"]
[Date "2010.??.??"]
[Round "?"]
[White "Augustin, Horst"]
[Black "Von Wedel, Benno"]
[Result "1/2-1/2"]
[WhiteElo "2008"]
[BlackElo "2241"]
[PlyCount "111"]
[EventDate "2010.??.??"]
[EventType "tourn (corr)"]
[EventRounds "12"]
[EventCountry "GER"]
[SourceTitle "Corr 2015"]
[Source "ChessBase"]
[SourceDate "2015.07.17"]
[SourceVersion "1"]
[SourceVersionDate "2015.07.17"]
[SourceQuality "1"]

1. Nc3 c5 2. e4 d6 3. f4 Nc6 4. Nf3 g6 5. Bb5 Bd7 6. 0-0 Bg7 7. d3 a6 8. Bc4 b5 9. Bb3 Na5 10. Qe1 Nxb3 11. axb3 Nh6 12. f5 Ng4 13. h3 Ne5 14. Nxe5 Bxe5 15. Bf4 Bd4+ 16. Be3 Bxc3 17. bxc3 f6 18. Qh4 Kf7 19. Rf2 Qg8 20. d4 cxd4 21. cxd4 h5 22. fxg6+ Qxg6 23. e5 dxe5 24. dxe5 f5 25. Bc5 Rae8 26. Re2 Qe6 27. Rf1 Rh7 28. Rxf5+ Qxf5 29. Rf2 Qxf2+ 30. Qxf2+ Kg8 31. e6 Bxe6 32. Qg3+ Rg7 33. Qe5 Rg6 34. Bd4 Kf7 35. Qxh5 Reg8 36. g4 Ke8 37. Kh2 Kd7 38. Kg3 Rg5 39. Qh4 a5 40. Be3 Rd5 41. Qh7 Rc8 42. Kh4 Rc3 43. Bg5 Rxh3+ 44. Kxh3 Rxg5 45. Qd3+ Ke8 46. Qe3 Bxg4+ 47. Kh4 Rg8 48. Qe4 a4 49. Qd5 Kf8 50. Qxb5 axb3 51. cxb3 Be6 52. b4 Rg4+ 53. Kh5 Rd4 54. Qb8+ Kf7 55. b5 Rd6 56. b6 1/2-1/2

[Event "GER-ch41 V02 Post"]
[Site "GER email"]
[Date "2010.??.??"]
[Round "?"]
[White "Engelhardt, Georg"]
[Black "Augustin, Horst"]
[Result "1/2-1/2"]
[WhiteElo "2106"]
[BlackElo "2008"]
[PlyCount "66"]
[EventDate "2010.??.??"]
[EventType "tourn (corr)"]
[EventRounds "12"]
[EventCountry "GER"]
[SourceTitle "Corr 2015"]
[Source "ChessBase"]
[SourceDate "2015.07.17"]
[SourceVersion "1"]
[SourceVersionDate "2015.07.17"]
[SourceQuality "1"]

1. e4 e5 2. Nf3 Nc6 3. d4 exd4 4. Nxd4 Nf6 5. Nxc6 bxc6 6. e5 Qe7 7. Qe2 Nd5 8. c4 Ba6 9. b3 g6 10. f4 d6 11. Qf2 Nf6 12. Ba3 Qe6 13. Be2 dxe5 14. 0-0 Ne4 15. Qe1 exf4 16. Bf3 f5 17. Bxf8 Rxf8 18. Nd2 0-0-0 19. Nxe4 fxe4 20. Qxe4 Qxe4 21. Bxe4 c5 22. Rae1 Bb7 23. Bxb7+ Kxb7 24. Re7 h6 25. Re6 Rd6 26. Rxd6 cxd6 27. Re1 Rf6 28. Re7+ Kb6 29. h4 a5 30. Rg7 a4 31. Kf2 Kc6 32. Kf3 axb3 33. axb3 d5 1/2-1/2

[Event "GER M-451 D email"]
[Site "GER email"]
[Date "2010.??.??"]
[Round "?"]
[White "Kluehe, Peter"]
[Black "Augustin, Horst"]
[Result "1/2-1/2"]
[WhiteElo "1869"]
[BlackElo "1952"]
[PlyCount "71"]
[EventDate "2010.??.??"]
[EventType "tourn (corr)"]
[EventRounds "1"]
[EventCountry "GER"]
[SourceTitle "Corr 2015"]
[Source "ChessBase"]
[SourceDate "2015.07.17"]
[SourceVersion "1"]
[SourceVersionDate "2015.07.17"]
[SourceQuality "1"]

1. d4 Nf6 2. Nd2 c5 3. c3 cxd4 4. cxd4 d5 5. e3 Bf5 6. Ngf3 Nbd7 7. Be2 e6 8. Nh4 Be4 9. f3 Bg6 10. Nxg6 hxg6 11. f4 Bd6 12. Bd3 Nh5 13. 0-0 g5 14. g3 f5 15. Nf3 g4 16. Ng5 Rh6 17. Bd2 Qb6 18. Rf2 a6 19. a4 a5 20. Qb1 Ke7 21. Bxf5 exf5 22. Qxf5 Rf8 23. Qxd5 Qc6 24. Qxc6 bxc6 25. e4 Bc7 26. Rc1 Bb6 27. Rc4 Nhf6 28. b4 Ra8 29. Kg2 Rah8 30. bxa5 Rxh2+ 31. Kf1 Rxf2+ 32. Kxf2 Ba7 33. Bb4+ c5 34. dxc5 Nb8 35. Kg2 Nc6 36. f5 1/2-1/2

[Event "GER M-451 D email"]
[Site "GER email"]
[Date "2010.??.??"]
[Round "?"]
[White "Koenig, Frank"]
[Black "Augustin, Horst"]
[Result "0-1"]
[WhiteElo "1903"]
[BlackElo "1952"]
[PlyCount "80"]
[EventDate "2010.??.??"]
[EventType "tourn (corr)"]
[EventRounds "1"]
[EventCountry "GER"]
[SourceTitle "Corr 2015"]
[Source "ChessBase"]
[SourceDate "2015.07.17"]
[SourceVersion "1"]
[SourceVersionDate "2015.07.17"]
[SourceQuality "1"]

1. b4 e5 2. Bb2 Bxb4 3. f4 d6 4. Nf3 Nc6 5. fxe5 Nxe5 6. Nxe5 dxe5 7. Bxe5 Nf6 8. c3 Bd6 9. Qa4+ c6 10. Qd4 Bxe5 11. Qxe5+ Be6 12. e3 0-0 13. Be2 Re8 14. Qf4 Bd5 15. 0-0 Be4 16. Qf2 Bxb1 17. Raxb1 Qxd2 18. Rxb7 Qxa2 19. Bf3 Qc4 20. Rc7 Rec8 21. Bxc6 Rxc7 22. Bxa8 Qxc3 23. h3 a5 24. Qf4 Re7 25. e4 Qd4+ 26. Kh2 h6 27. Bc6 Qb6 28. Bd5 a4 29. Rc1 g5 30. Qg3 Nxe4 31. Bxe4 Rxe4 32. Rc8+ Kg7 33. Qa3 Qf6 34. Qf8+ Kg6 35. Qa3 Qe5+ 36. Qg3 Qxg3+ 37. Kxg3 a3 38. Ra8 Re3+ 39. Kf2 Rb3 40. Ra6+ Kf5 0-1

[Event "GER-ch41 V02 Post"]
[Site "GER email"]
[Date "2010.??.??"]
[Round "?"]
[White "Krumm, Guenther"]
[Black "Augustin, Horst"]
[Result "1/2-1/2"]
[WhiteElo "2033"]
[BlackElo "2008"]
[PlyCount "64"]
[EventDate "2010.??.??"]
[EventType "tourn (corr)"]
[EventRounds "12"]
[EventCountry "GER"]
[SourceTitle "Corr 2015"]
[Source "ChessBase"]
[SourceDate "2015.07.17"]
[SourceVersion "1"]
[SourceVersionDate "2015.07.17"]
[SourceQuality "1"]

1. d4 Nf6 2. c4 e6 3. Nf3 Nc6 4. Nc3 Bb4 5. Qc2 0-0 6. Bd2 d6 7. a3 Bxc3 8. Bxc3 Qe7 9. e3 e5 10. dxe5 dxe5 11. h3 e4 12. Nd2 Bf5 13. Be2 Ne5 14. 0-0 Rfe8 15. Rad1 a5 16. Bd4 a4 17. Qc3 Nfd7 18. f4 exf3 19. Nxf3 Bg6 20. c5 f6 21. Nh4 Be4 22. Rf4 Bc6 23. Nf5 Qe6 24. h4 Kh8 25. Rdf1 Qb3 26. Qe1 Qg8 27. h5 h6 28. e4 Qf7 29. Qd2 Re6 30. Qe3 Rd8 31. Qg3 Ree8 32. Qf2 Qe6 1/2-1/2

[Event "GER M-451 D email"]
[Site "GER email"]
[Date "2010.??.??"]
[Round "?"]
[White "Wisskirchen, Willi"]
[Black "Augustin, Horst"]
[Result "0-1"]
[WhiteElo "1857"]
[BlackElo "1952"]
[PlyCount "104"]
[EventDate "2010.??.??"]
[EventType "tourn (corr)"]
[EventRounds "1"]
[EventCountry "GER"]
[SourceTitle "Corr 2015"]
[Source "ChessBase"]
[SourceDate "2015.07.17"]
[SourceVersion "1"]
[SourceVersionDate "2015.07.17"]
[SourceQuality "1"]

1. d4 Nf6 2. c4 e6 3. Nf3 Bb4+ 4. Bd2 Qe7 5. g3 Nc6 6. Bg2 Bxd2+ 7. Nbxd2 d6 8. 0-0 0-0 9. e4 e5 10. d5 Nb8 11. Ne1 a5 12. Nd3 Na6 13. a3 Bg4 14. f3 Bd7 15. b4 c6 16. dxc6 bxc6 17. Qe2 Rfb8 18. Rfb1 Nc7 19. Nb3 a4 20. Nbc1 Ne6 21. Qf2 Nd4 22. Ne2 Nb3 23. Ra2 Be6 24. Rc2 c5 25. b5 Nd7 26. Nb2 Nd4 27. Nxd4 cxd4 28. Qf1 Rc8 29. Bh3 Bxh3 30. Qxh3 d5 31. exd5 Nb6 32. Qf5 Qxa3 33. Qxe5 Qb3 34. Rcc1 a3 35. Nd1 Qd3 36. Nf2 Qe3 37. Qxe3 dxe3 38. Ne4 Nxc4 39. d6 a2 40. Ra1 Nxd6 41. Rxc8+ Nxc8 42. Nc3 Ra3 43. Nxa2 Nd6 44. Kf1 Nxb5 45. Rb1 Rxa2 46. Rxb5 f6 47. Rb8+ Kf7 48. Rb7+ Kg6 49. Re7 Rf2+ 50. Kg1 Rxf3 51. g4 Kg5 52. Kg2 Kf4 0-1